Online Marketing : (Record no. 148122)

MARC details
000 -LEADER
fixed length control field 00582nam a22001817a 4500
005 - DATE AND TIME OF LATEST TRANSACTION
control field 20171220153611.0
010 ## - LCCN (DPL NO)
LC control number ENG-121935
020 ## - INTERNATIONAL STANDARD BOOK NUMBER
Terms of availability 650.00
International Standard Book Number 9788183298230
035 ## - SYSTEM CONTROL NUMBER
System control number EN-105467
037 ## - SOURCE OF ACQUISITION
Source of stock number/acquisition DBAD/PUB
082 ## - DEWEY DECIMAL CLASSIFICATION NUMBER
Classification number 658.872
100 ## - MAIN ENTRY--PERSONAL NAME
Personal name Soni, Rameshwar
245 ## - TITLE STATEMENT
Title Online Marketing :
Statement of responsibility, etc by Rameshwar Soni
Remainder of title Issues and challenges /
260 ## - PUBLICATION, DISTRIBUTION, ETC. (IMPRINT)
Place of publication, distribution, etc New Delhi
Name of publisher, distributor, etc Shree Publishers & Distributors
Date of publication, distribution, etc 2017
270 ## - ADDRESS
Address 22/4735 Prakash Deep Building, Ansari Road,Darya Ganj,New Delhi
Postal code 110002
300 ## - PHYSICAL DESCRIPTION
Extent 152p.
Dimensions 24cm(hb.)
942 ## - ADDED ENTRY ELEMENTS (KOHA)
Source of classification or shelving scheme Dewey Decimal Classification
Item type English Books
Classification part 658.872
Call number suffix SON
Holdings
Withdrawn status Lost status Not for loan Collection code Home library Current library Date acquired Source of acquisition Cost, normal purchase price Full call number Barcode Copy number Cost, replacement price Koha item type
      Non-fiction Narela Narela 20/12/2017 DBAD/PUB 650.00 658.872 SON EN-105467 1 650.00 English Books

© Delhi Public Library
Hit Counter
free hit counter